00297nam a2200133Ia 45000030006000000080041000060400015000471000026000622450027000882500010001152600009001255460012001340050017001460STCL150530s9999 xx 000 0 und d aSTCLcSTCL aFrost; Lathem; Editor aPoetry of Robert Frost aFirst c1972 aEnglish20220125171337.0